The deep blue sea / (Record no. 717)

MARC details
000 -LEADER
fixed length control field 00835nam a22002537a 4500
005 - DATE AND TIME OF LATEST TRANSACTION
control field 20260410100318.0
020 ## - INTERNATIONAL STANDARD BOOK NUMBER
International Standard Book Number 9780153013613
040 ## - CATALOGING SOURCE
Original cataloging agency FISKH
Language of cataloging eng
Transcribing agency FISKH
Modifying agency FISKH
050 ## - LIBRARY OF CONGRESS CALL NUMBER
Classification number PZ7
082 ## - DEWEY DECIMAL CLASSIFICATION NUMBER
Classification number 591.92
100 ## - MAIN ENTRY--PERSONAL NAME
Personal name Farr, Roger C.
245 ## - TITLE STATEMENT
Title The deep blue sea /
260 ## - PUBLICATION, DISTRIBUTION, ETC.
Place of publication, distribution, etc. Orlando :
Name of publisher, distributor, etc. Harcourt Brace & Company,
Date of publication, distribution, etc. 1993.
300 ## - PHYSICAL DESCRIPTION
Extent 179 pages :
Dimensions 27 cm.
490 ## - SERIES STATEMENT
Series statement HBJ Treasury of Literature.
505 ## - FORMATTED CONTENTS NOTE
Formatted contents note F
520 ## - SUMMARY, ETC.
Summary, etc. Part of a Treasury series. A collection of stories and the theme in this book is the sea and food. A wide variety that would engage younger readers with colorful pictures and questions about what they read.
521 ## - TARGET AUDIENCE NOTE
Target audience note 350 <br/>
Source Lexile estimate
521 ## - TARGET AUDIENCE NOTE
Target audience note F
Source Raz-Plus <br/>
700 ## - ADDED ENTRY--PERSONAL NAME
Personal name Strickland, Dorothy S.
700 ## - ADDED ENTRY--PERSONAL NAME
Personal name Strickland, Dorothy S.
942 ## - ADDED ENTRY ELEMENTS (KOHA)
Source of classification or shelving scheme Library of Congress Classification
Koha item type Books
Suppress in OPAC No
999 ## -
-- 717
-- 717
Holdings
Withdrawn status Lost status Source of classification or shelving scheme Damaged status Not for loan Collection Home library Current library Shelving location Date acquired Total Checkouts Full call number Barcode Date last seen Date last checked out Price effective from Koha item type
    Dewey Decimal Classification     Juvenile Fiction Footprints International School Library Network Toul Tom Poung Campus Footprints International School Library Network Toul Tom Poung Campus TTP Primary Green Bookshelves 07/03/2023 3 FAR 591.92 PZ7 FISBK00480 03/11/2024 03/04/2024 07/03/2023 Books